| 000 | 00000nam##2200000za#4500 |
| 001 | 9.599641 |
| 003 | CaOODSP |
| 005 | 20240501092931 |
| 007 | cr ||||||||||| |
| 008 | 150406|2002||||xxc|||||o f|0| 0 fre|d |
| 040 | |aCaOODSP|bfre |
| 043 | |an-cn--- |
| 086 | 1 |aPS83-3/121F-PDF |
| 110 | 2 |aService correctionnel Canada. |
| 245 | 10|aÉtude sur l'appartenance à un gang et sur les jeunes au sein de la population autochtone sous responsabilité fédérale / |h[ressource électronique]|c[par] Mark Nafekh. |
| 260 | |bService correctionnel Canada |cJuin 2002. |
| 300 | |a41p.|bréférences, tableaux |
| 490 | 1 |aRapport de recherche|v[R-121] |
| 590 | |a10-14-Supp|b2010-12-03 |
| 720 | 1 |aNafekh, Mark |
| 775 | 08|tAn examination of youth and gang affiliation within the federally sentenced Aboriginal population / |w(CaOODSP)9.568355 |
| 830 | #0|aRapport de recherche (Service correctionnel Canada. Direction de la recherche)|v[R-121]|w(CaOODSP)9.502465 |
| 856 | 40|ahttp://publications.gc.ca|qPDF|s175 Ko|uhttps://publications.gc.ca/collections/collection_2010/scc-csc/PS83-3-121-fra.pdf|y[R-121] |